[Event "GCT Saint Louis Rapid 2018"]
[Site "Saint Louis"]
[Date "2018.08.13"]
[Round "8"]
[White "Anand, Viswanathan"]
[Black "Caruana, Fabiano"]
[Result "1/2-1/2"]
[WhiteElo "2758"]
[BlackElo "2738"]
[Annotator "TA"]
[PlyCount "96"]
[EventDate "2018.08.11"]
[EventType "tourn"]
[EventCountry "USA"]
[SourceTitle "playchess.com"]
[Source "ChessBase"]
[SourceQuality "1"]

{[%evp 11,96,42,37,6,16,0,8,0,15,0,0,0,0,-6,11,12,8,13,21,0,0,-34,0,0,0,0,10,0,24,22,25,11,11,13,16,0,0,0,3,0,0,0,0,0,0,0,8,8,8,17,6,0,0,0,0,0,0,0,0,0,0,0,0,0,11,0,0,0,0,0,0,0,0,0,0,0,2,0,0,-19,-18,-22,0,0,0,-30,0]} 1. e4 e5 2. Nf3 Nf6 3. Nxe5 d6 4. Nf3 Nxe4 5. d4 d5 6. Bd3 Bd6 {LiveBook: 1501 Games} 7. Nbd2 {C42: Petroff Defence: 3 Nxe5 and unusual White 3rd moves} (7. O-O O-O 8. c4 c6 9. Nc3 Nxc3 10. bxc3 dxc4 11. Bxc4 Bf5 12. Ng5 h6 13. Qf3 Bg6 14. Ne4 Bxh2+ 15. Kxh2 Qh4+ 16. Qh3 Qxh3+ 17. gxh3 Bxe4 18. Rg1 Re8 19. Bxh6 g6 {½-½ (40) Vachier Lagrave,M (2789)-Caruana,F (2822) Stavanger 2018}) (7. O-O O-O 8. c4 c6 9. Qc2 Na6 10. a3 Bg4 11. Ne5 Bf5 12. b4 Nc7 13. f3 Bg6 14. c5 Bxe5 15. dxe5 Ng5 16. Bb2 d4 17. f4 Nd5 18. fxg5 Ne3 {1-0 (42) Anand,V (2767)-Caruana,F (2811) Wijk aan Zee 2018}) 7... Bf5 8. O-O O-O 9. Re1 {[%cal Rd2e4] The position is equal.} Re8 10. Nf1 Bg6 11. Ne3 c6 12. c4 Nf6 $146 ({Predecessor:} 12... Bb4 13. Rf1 dxc4 14. Bxc4 b5 15. Be2 Bd6 16. d5 a6 {1-0 (38) Dragicevic,D (2052)-Stupak,K (2161) Budva 2003}) 13. Bxg6 hxg6 14. Qb3 {[#] Threatens to win with c5.} Qb6 15. Qxb6 axb6 {[%cal Ba7b6,Bb6b5][%mdl 32]} 16. Bd2 b5 17. cxd5 cxd5 18. a3 Nc6 19. Bc3 Rad8 20. g3 Bc7 21. Nd2 Bb6 22. Nb3 g5 23. f3 g6 24. Kg2 Kg7 25. Nc2 g4 26. fxg4 Nxg4 27. Nb4 Nxb4 28. axb4 Nf6 29. Nc5 Rxe1 $1 30. Rxe1 Bxc5 31. dxc5 $11 {[%mdl 4096] Endgame KRB-KRN} d4 32. Bd2 Rd7 33. Kf3 Nd5 34. h4 f5 35. g4 fxg4+ 36. Kxg4 Ne7 37. Kf3 Nc6 38. Re6 Kf7 39. Re4 Rd5 40. Rf4+ Ke6 41. Re4+ Kd7 42. Rg4 Rf5+ 43. Ke2 Rf6 44. Rg5 Ke6 45. Kd3 Rf3+ 46. Ke2 Rf6 47. Kd3 Rf3+ 48. Ke2 Rf6 {Precision: White = 56%, Black = 78%.} 1/2-1/2

[Event "GCT Saint Louis Rapid 2018"]
[Site "Saint Louis"]
[Date "2018.08.13"]
[Round "9"]
[White "Nakamura, Hikaru"]
[Black "Dominguez Perez, Leinier"]
[Result "1-0"]
[WhiteElo "2824"]
[BlackElo "2826"]
[Annotator "TA"]
[PlyCount "95"]
[EventDate "2018.08.11"]
[EventType "tourn"]
[EventCountry "USA"]
[SourceTitle "playchess.com"]
[Source "ChessBase"]
[SourceQuality "1"]

{[%evp 24,95,19,15,23,6,9,4,3,6,7,9,6,2,5,1,0,0,13,14,23,16,15,7,26,27,67,22,50,50,43,20,22,13,13,15,54,38,24,25,49,43,52,35,25,10,46,46,45,50,116,115,125,128,121,0,141,146,235,241,245,235,279,253,370,249,562,259,570,444,1424,1371,1386,1380]} 1. e4 e5 2. Nf3 Nc6 3. Bb5 Nf6 4. O-O Nxe4 5. Re1 Nd6 6. Nxe5 Be7 7. Bf1 Nxe5 8. Rxe5 O-O 9. Nc3 {[%cal Bb1c3,Bc3d5,Bd5e3,Be3f5][%mdl 32] C67: Ruy Lopez: Berlin Defence: 4 0-0 Nxe4} Ne8 10. Nd5 Bd6 11. Re1 c6 12. Ne3 Be7 13. Nf5 {LiveBook: 4 Games} Bg5 14. Qe2 d5 15. Ne7+ Kh8 {Threatens to win with ...Be6.} 16. Nxc8 Rxc8 {[#]} 17. b3 $146 Nf6 18. Bb2 Ne4 19. d3 $36 {[%mdl 2048] Black is under pressure.} Bf6 20. c4 Bxb2 21. Qxb2 Nf6 22. Qa3 a5 23. Re7 Rb8 24. Rae1 Kg8 25. g3 Re8 26. Rxe8+ Nxe8 27. cxd5 Qxd5 28. Bg2 Qd8 29. Qc5 Nf6 30. Qa7 g6 31. d4 Qd6 32. Rd1 Qd8 33. h3 Kg7 34. Re1 Nd7 35. d5 cxd5 36. Bxd5 Nf6 {[#]} (36... Qb6 $14 37. Qxb6 Nxb6) 37. Bf3 $1 $16 (37. Bxb7 $6 Qc7 $11) 37... Qc7 {[#]} 38. Kg2 $1 h5 39. h4 ({Better is} 39. a4 $16) 39... Qd8 (39... Rd8 $11 {remains equal.}) 40. Re5 ({Much worse is} 40. Bxb7 $6 Qc7 $11) 40... Ng4 (40... Rc8 $16) 41. Rd5 $18 (41. Rxa5 $6 b5 $16) 41... Qc7 42. Qxa5 ({Don't do} 42. Rxa5 $6 Ne5 $16) 42... b6 43. Qd2 Nf6 (43... Re8 {might work better.} 44. Bxg4 hxg4 45. Qd4+ Kh7 46. Qxg4 Re6) 44. Qd4 b5 $2 (44... Re8 {is tougher.} 45. a4 (45. Rd6 Re6 $18) 45... Re6) 45. Bxh5 (45. Rd6 $142 Qe7 46. a4) 45... Ra8 $2 (45... Qb6) 46. Bf3 {White is clearly winning.} Rxa2 (46... Qa7 $142 47. Rc5 Qd7 48. Qxd7 Nxd7) 47. Rd6 Qe7 48. g4 {Precision: White = 53%, Black = 28%.} 1-0

[Event "GCT Saint Louis Rapid 2018"]
[Site "Saint Louis"]
[Date "2018.08.13"]
[Round "9"]
[White "Vachier-Lagrave, Maxime"]
[Black "Karjakin, Sergey"]
[Result "1/2-1/2"]
[WhiteElo "2798"]
[BlackElo "2793"]
[Annotator "TA"]
[PlyCount "74"]
[EventDate "2018.08.11"]
[EventType "tourn"]
[EventCountry "USA"]
[SourceTitle "playchess.com"]
[Source "ChessBase"]
[SourceQuality "1"]

{[%evp 27,74,0,20,0,0,0,8,0,0,0,46,48,87,87,87,54,52,39,41,13,9,8,8,8,16,8,10,6,6,0,0,0,0,0,0,-8,-8,-12,-8,-8,-8,-8,0,0,0,0,0,0,0]} 1. e4 e5 2. Nf3 Nc6 3. Bb5 Nf6 4. O-O Nxe4 5. d4 Nd6 6. Bxc6 dxc6 7. dxe5 Nf5 8. Qxd8+ Kxd8 9. h3 Ke8 10. Nc3 h5 {C67: Ruy Lopez: Berlin Defence: 4 0-0 Nxe4} 11. Bf4 Be7 12. Rad1 Be6 13. Ng5 Rh6 14. Rfe1 Bb4 {LiveBook: 19 Games} 15. a3 Bxc3 16. bxc3 {[#]} Rd8 $146 ({Predecessor:} 16... Ne7 17. Nf3 Rh8 18. Nd4 {½-½ (43) Topalov,V (2749)-Radjabov,T (2748) Shamkir 2018}) 17. Rxd8+ Kxd8 18. g4 hxg4 19. hxg4 Ne7 {[#]} 20. Nxf7+ $1 {[%mdl 512]} Bxf7 21. Bxh6 gxh6 22. e6 Bg6 23. Rd1+ Ke8 $1 {The position is equal.} 24. Rd7 Bxc2 25. Rxc7 b5 26. f4 Nd5 27. Rc8+ Ke7 $132 {[%mdl 2048] Black is fighting back} 28. f5 Bd1 29. Rg8 Nf6 $1 {[%cal Rf6g8]} 30. Rg7+ Ke8 $1 31. g5 hxg5 32. Rxg5 a5 33. Rg7 Bg4 34. Rc7 Nd5 35. Rxc6 {And now Rc5 would win.} Bxf5 36. Rc5 Bxe6 37. Rxb5 Nxc3 {Precision: White = 63%, Black = 77%.} 1/2-1/2

[Event "GCT Saint Louis Rapid 2018"]
[Site "Saint Louis"]
[Date "2018.08.13"]
[Round "9"]
[White "Mamedyarov, Shakhriyar"]
[Black "Anand, Viswanathan"]
[Result "1-0"]
[WhiteElo "2754"]
[BlackElo "2758"]
[Annotator "TA"]
[PlyCount "75"]
[EventDate "2018.08.11"]
[EventType "tourn"]
[EventCountry "USA"]
[SourceTitle "playchess.com"]
[Source "ChessBase"]
[SourceQuality "1"]

{[%evp 13,75,10,18,13,31,0,2,0,11,0,3,3,10,4,0,-62,0,0,0,-95,-78,-70,19,18,96,37,119,104,166,158,185,175,157,128,234,239,239,253,244,237,261,251,226,236,352,358,360,350,333,244,240,237,258,264,270,250,291,275,367,309,389,363,346,319]} 1. c4 e5 2. g3 Nf6 3. Bg2 Bc5 4. Nc3 O-O 5. e3 Re8 6. Nge2 d6 {A22: Englische Eröffnung} 7. O-O (7. d3 c6 8. O-O a6 9. d4 Ba7 10. h3 Nbd7 11. b4 exd4 12. exd4 Nb6 13. c5 Nbd5 14. Bg5 {½-½ (43) Safarli,E (2639)-Godena,M (2505) Batumi 2018}) 7... c6 {LiveBook: 8 Partien} 8. b3 Bb6 {Die Stellung ist ausgeglichen.} 9. Ba3 Bf5 10. d4 e4 11. h3 $146 {Weiss will g4 spielen.} ({Vorgänger:} 11. Rc1 Qd7 12. Qd2 Bc7 13. d5 c5 14. Nb5 {0-1 (42) Odendahl,R (2379)-Klyuner,V (2423) Germany 2002}) 11... h6 12. g4 Bh7 13. Ng3 d5 14. h4 (14. Rc1 $11) 14... Bg6 (14... Ba5 $1 $15 15. Rc1 Nfd7) 15. Rc1 $36 {[%mdl 2048] Weiss hat gut koordiniertes Spiel.} Bc7 16. f4 (16. h5 $11 Bh7 17. cxd5) 16... exf3 $1 $17 17. Qxf3 {[%cal Rc4d5]} Nbd7 ({Günstiger ist} 17... dxc4 $1 $15 18. bxc4 Na6) 18. cxd5 $11 cxd5 (18... Nb6 $11) 19. g5 (19. Nf5 $16) 19... hxg5 (19... Bxg3 $1 $14 20. Qxg3 (20. gxf6 Bxh4 21. Be7 Qb8 $14) 20... Nh5) 20. hxg5 $16 {[#] Droht stark Sf5.} Nh7 (20... Ne4 $16 21. Ngxe4 (21. Ncxe4 dxe4 22. Qg4 Bxg3 $11) 21... dxe4) 21. Nxd5 Nxg5 22. Qg4 Bxg3 23. Qxg3 {Und Dc7 würde nun gewinnen.} Ne4 (23... Nb6 $16 24. Nc7 Ne4 25. Bxe4 Rxe4) 24. Qc7 $18 Nb6 25. Ne7+ Rxe7 26. Bxe7 ({Viel schwächer ist} 26. Qxe7 Qxe7 27. Bxe7 Nd5) 26... Qe8 27. Qxb7 Rb8 28. Qc7 Nd5 (28... f6 {war angesagt.} 29. Bxe4 Bxe4) 29. Qe5 ({Weniger gut wäre} 29. Qxa7 Nxe3 30. d5 Nxg2 $18) 29... Ndc3 {[#] ...Tb5 ist eine echte Drohung.} 30. Bxe4 Nxe4 31. Bh4 Qxe5 32. dxe5 Re8 33. Rc7 Rxe5 34. Rxa7 Rh5 35. Rf4 f6 36. Re7 Nc3 {zielt auf ...Se2+ ab.} 37. Rg4 Nd5 38. Ra7 {Precision: Weiß = 44%, Schwarz = 41%.} ({Schwächer ist} 38. Rxg6 Nxe7 39. Rg4 Kf7 $16) 1-0

[Event "GCT Saint Louis Rapid 2018"]
[Site "Saint Louis"]
[Date "2018.08.13"]
[Round "9"]
[White "Grischuk, Alexander"]
[Black "Aronian, Levon"]
[Result "1/2-1/2"]
[WhiteElo "2751"]
[BlackElo "2806"]
[Annotator "TA"]
[PlyCount "83"]
[EventDate "2018.08.11"]
[EventType "tourn"]
[EventCountry "USA"]
[SourceTitle "playchess.com"]
[Source "ChessBase"]
[SourceQuality "1"]

{[%evp 16,83,4,0,39,41,34,30,39,49,71,73,79,48,54,60,74,77,95,56,60,47,74,51,54,39,72,65,59,62,56,51,52,51,52,41,46,35,32,22,13,18,22,0,46,64,60,66,49,67,131,0,0,0,0,0,0,0,0,0,122,142,151,0,0,0,131,0,0,0]} 1. Nf3 Nf6 2. g3 g6 3. c4 Bg7 4. Nc3 O-O 5. Bg2 c6 {[%cal Bc7c6,Bc6d5][%mdl 32]} 6. e4 d5 {A16: English Opening: 1...Nf6 with ...d5} 7. cxd5 cxd5 8. e5 Ne4 9. O-O {LiveBook: 8 Games} Qa5 (9... Nc6 10. d4 Nxc3 11. bxc3 Bg4 12. h3 Bxf3 13. Qxf3 e6 14. h4 {1-0 (47) Bacrot,E (2696)-Nataf,I (2535) Chartres 2017}) 10. Ne2 $146 ({Predecessor:} 10. d4 Nxc3 11. Qe1 Bf5 12. Qxc3 Qxc3 13. bxc3 Rc8 14. Ba3 {0-1 (51) Lahr,M (2050)-Lisanti,A (2291) Frankfurt 2005}) 10... Nc6 11. d3 {[%cal Bd2d3,Bd3d4][%mdl 32]} Nc5 12. d4 Ne6 13. Be3 Rd8 14. h4 h5 15. Re1 Bd7 16. Nc3 Nc7 17. a3 {[%cal Ba2a3,Ba3a4][%mdl 32]} Nb5 18. Ne2 Bg4 19. b4 {[%cal Bb2b4,Bb4b5][%mdl 32]} Qb6 $1 20. Qd2 a5 21. a4 Nc7 22. b5 Nb4 23. Rec1 Ne6 24. Ra3 Rdc8 25. Rac3 Rxc3 26. Rxc3 Qd8 27. Nf4 Nxf4 28. Bxf4 Rc8 29. Ng5 Bf5 30. Qc1 Rxc3 31. Qxc3 e6 32. Bh3 $36 {[%mdl 2048] White fights for an advantage.} Bc2 {[#]} ({Black should try} 32... Bd3 $1 $14) 33. Bxe6 ({Only move:} 33. b6 $1 $16) 33... fxe6 $11 34. Nxe6 Qd7 35. Nxg7 Kxg7 36. e6 Qxe6 {[#] ...Kf7 is the strong threat.} 37. Qc7+ Kf8 (37... Kg8 $11 38. Be5 Qf7 39. Qc8+ Qf8 40. Qe6+ Kh7) 38. Bd6+ $16 {[%mdl 1024] White has strong compensation.} Ke8 39. Qb8+ Kd7 40. Qc7+ Ke8 41. Qb8+ (41. Bxb4 $1 $16 {And now Qb8+ would win.} axb4 42. Qxc2) 41... Kd7 $11 {( -> ...Qe1+)} 42. Qc7+ {Precision: White = 61%, Black = 65%.} 1/2-1/2

[Event "GCT Saint Louis Rapid 2018"]
[Site "Saint Louis"]
[Date "2018.08.13"]
[Round "9"]
[White "Caruana, Fabiano"]
[Black "So, Wesley"]
[Result "1/2-1/2"]
[WhiteElo "2738"]
[BlackElo "2852"]
[Annotator "TA"]
[PlyCount "37"]
[EventDate "2018.08.11"]
[EventType "tourn"]
[EventCountry "USA"]
[SourceTitle "playchess.com"]
[Source "ChessBase"]
[SourceQuality "1"]

{[%evp 12,37,9,2,11,3,16,12,18,0,6,0,0,0,10,0,0,0,-2,-3,0,0,0,0,0,0,0,0]} 1. d4 Nf6 2. c4 e6 3. g3 d5 4. Bg2 Be7 5. Nf3 O-O 6. Qb3 {E06: Katalanisch} c5 7. cxd5 {LiveBook: 5 Partien. Die Stellung ist ausgeglichen.} Qxd5 8. dxc5 Qxb3 9. axb3 Nc6 10. Nc3 Nd7 $146 ({Vorgänger:} 10... Bxc5 11. O-O e5 12. Bg5 Be6 13. Nd2 Rfd8 {½-½ (35) Caruana,F (2816)-Nakamura,H (2769) Leuven 2018}) 11. Bg5 Bxg5 12. Nxg5 Nxc5 13. Bxc6 bxc6 14. b4 Na6 15. b5 cxb5 16. Nxb5 Rb8 17. Nxa7 Rxb2 {[#] Und weiter mit ...Lb7 wäre nett.} 18. Nxc8 Rxc8 19. O-O 1/2-1/2